| 000 | 01380nam a2200277Ia 4500 | ||
|---|---|---|---|
| 000 | nam a22 i 4500 | ||
| 001 | UNACH-14059 | ||
| 007 | ta | ||
| 008 | 221212s ||||fr|||| 00| | spa d | ||
| 020 | _a978-6-07-438640-0 | ||
| 041 | 0 | _aspa | |
| 082 | 0 | 4 |
_a658.3 _bAdministración de personal |
| 100 | 1 |
_aGonzáles, Martín, _eautor |
|
| 245 | 1 | 0 | _aPlaneación e integración de los recursos humanos |
| 264 | 3 | 1 |
_a[México] : _aMéxico D.F : _bGrupo editorial Patria., _c2013 |
| 300 |
_a360 páginas : _btablas, gráficos |
||
| 336 |
_atexto _btxt _2rdacontent |
||
| 337 |
_ano mediado _bn _2rdamedia |
||
| 338 |
_avolumen _bnc _2rdacarrier |
||
| 504 | _aIncluye: Tabla de Contenido, Acerca de los autores, Prólogo. | ||
| 505 | 0 | _aLa noción de hombre como punto de partida en la administración del siglo XXI.-- Competencias sociales.-- una propuesta a construir.--Procesos de desarrollo de la administración de recursos humanos.-- Herramientas en la administración de recursos humanos pos-moderna.-- Trabajo en grupos y formación de facilitadores como herramientas orientadas al desarrollo de la diversidad.-- Herramientas en la administración de recursos humanos, estrés y negociación.-- Coach, el proceso de acompañamiento para desarrollar un líder.-- | |
| 650 | 1 | 4 | _aHERRAMIENTAS |
| 700 | 1 |
_aOlivares, Socorro, _eautor |
|
| 942 |
_2ddc _c1 _n0 |
||
| 999 |
_c10582 _d10582 |
||